| 000 | 00742nam a2200241Ia 4500 | ||
|---|---|---|---|
| 003 | OSt | ||
| 005 | 20220923211034.0 | ||
| 006 | a|||||r|||| 00| 0 | ||
| 007 | ta | ||
| 008 | Pun | ||
| 020 | _a8171434126 (hbk) | ||
| 024 | _a235,701 | ||
| 037 | _cTextual | ||
| 040 |
_aARTS _cARTS _bPun |
||
| 041 |
_2Pun _aPun |
||
| 082 | _aQ8441:45T, 153P6 | ||
| 100 |
_aਚੋਪੜਾ, ਐੱਚ ਐੱਮ _9156265 |
||
| 245 | 0 |
_aਤਰਨ ਤਾਰਨ _b ਬਹੁ-ਪੱਖੀ ਸਰਵੇਖਣ |
|
| 260 |
_aਅੰਮ੍ਰਿਤਸਰ _b ਰਵੀ ਸਾਹਿਤ ਅਕਾਦੇਮੀ _c2006 |
||
| 300 |
_a111ਪੰ _ccm. |
||
| 942 |
_hQ8441:45T, 153P6 _cTEXL _2CC |
||
| 999 |
_c294335 _d294335 |
||